| Поле | Название | Значение |
| |
Тип записи |
c |
| |
Библиографический уровень |
m |
| 001 |
Контрольный номер |
UONB/MAIN/939e0d20dfce44ca86dbf9e775f378e1 |
| 005 |
Дата корректировки |
20251125130305.3 |
| 010 |
Индекс ISBN |
__ |
| 9 |
Тираж |
15000 экз. |
| 013 |
Номер (ISMN) |
__ |
| d |
Цена |
85 к. |
| 071 |
Издательские номер (звукозапись и ноты) |
21 |
| a |
Номер, присвоенный агентством |
11812 |
| 100 |
Данные общей обработки |
__ |
| a |
Данные общей обработки |
20250713d1982 u y0rusy0189 ca |
| 101 |
Язык документа |
0_ |
| a |
Язык текста |
rus |
| f |
Язык титульного листа |
rus |
| 102 |
Страна публикации |
__ |
| a |
Страна публикации |
RU |
| 125 |
Кодированные данные звукозаписи и нотных изданий |
__ |
| a |
Форма изложения нотного текста |
с |
| 128 |
Кодированные данные (звукозаписи-физические характеристики) |
__ |
| a |
Кодированные данные: Музыкальная форма и тональность или лад |
sg |
| b |
Инструменты или голоса, необходимые для ансамблей (устаревшее) |
cu |
| c |
Инструменты или голоса, рекомендуемые для солистов (устаревшее) |
vu |
| 200 |
Заглавие и сведения об ответственности |
1_ |
| a |
Заглавие |
Вып. 3 |
| e |
Сведения, относящиеся к заглавию |
песни и хоры [разных составов] советских композиторов без сопровождения и в сопровождении фортепиано (баяна, гитары) |
| f |
Первые сведения об ответственности |
предисловие и методические пояснения издательства |
| g |
Последующие сведения об ответственности |
вступительная статья В. Калистратова |
| 203 |
Вид содержания и тип средства |
__ |
| a |
Вид содержания |
Музыка |
| b |
Характеристика содержания |
знаковая |
| c |
Тип средства |
непосредственная |
| 210 |
Выходные данные |
1_ |
| d |
Дата издания |
1982 |
| 215 |
Физическое описание |
__ |
| a |
Объем |
64 с. |
| d |
Формат |
29 см |
| 327 |
Примечание о содержании |
11 |
| a |
Примечание о содержании |
Содерж.: Александров Б. Величье наших дней / сл. С. Бенке. Пахмутова А. Новый день : из вокал. цикла "Отчизна" / сл. Н. Добронравова. Мовсесян Г. Родная страна : из тв. фильма "Возрождение" / сл. В. Гина. Хренников Т. Каждый четвертый : из тв. фильма "Время выбрало нас" / сл. М. Матусовского. Мартынов Е. Страна моя, надейся на меня : (Зовет Земля) / сл. А. Дементьева и Д. Усманова. Шаинский В. Уголок России / сл. Е. Шевелевой. Семеняко Ю. Травы детства / сл. В. Демидова. Фиготин Б. Комсомольские сердца / сл. В. Татаринова. Туликов С. Бамовский вальс / сл. М. Пляцковского. Бабаджанян А. Детства последний звонок / сл. М. Пляцковского. Флярковский А. Прощальный вальс : из кинофильма "Розыгрыш" / сл. А. Дидурова. Блантер М. Лучше нету того цвету / сл. М. Исаковского. Мокроусов Б. Вечерком на реке / сл. С. Острового. Соловьев-Седой В. Девчонка-несмышленка : песня из спектакля "История с гитарой" / сл. А. Лядова. Ханок Э. Малиновка / сл. А. Поперечного. Паулс Р. Наш город / сл. Я. Петерса. |
| 461 |
Уровень набора |
_0 |
| 1 |
|
2001 |
| a |
|
Cпоемте, друзья! |
| v |
|
Вып. 3 |
| 1 |
|
2101 |
| a |
|
Москва |
| c |
|
Музыка |
| d |
|
1980 - |
| 1 |
|
001UONB/MAIN/686e1c024bb5400da1ae6b6540f50a70 |
| 1 |
|
2251 |
| a |
|
Художественной самодеятельности |
| 464 |
Аналитический уровень |
_0 |
| 1 |
|
036 |
| t |
|
Партийный съезд - величье наших дней... |
| 1 |
|
700 1 |
| a |
|
Александров |
| b |
|
Б. |
| 1 |
|
702 1 |
| a |
|
Бенке |
| b |
|
С. |
| 4 |
|
520 |
| 1 |
|
2001 |
| a |
|
Величье наших дней |
| 464 |
Аналитический уровень |
_0 |
| 1 |
|
036 |
| t |
|
Новый день берет свое начало... |
| 1 |
|
700 1 |
| a |
|
Пахмутова |
| b |
|
А. |
| 1 |
|
702 1 |
| a |
|
Добронравов |
| b |
|
Н. |
| 4 |
|
520 |
| 1 |
|
2001 |
| a |
|
Новый день |
| e |
|
из вокального цикла "Отчизна" |
| 1 |
|
50010 |
| a |
|
Отчизна |
| 464 |
Аналитический уровень |
_0 |
| 1 |
|
036 |
| t |
|
За этот мир платили мы в боях... |
| 1 |
|
700 1 |
| a |
|
Мовсесян |
| b |
|
Г. |
| 1 |
|
702 1 |
| a |
|
Гин |
| b |
|
В. |
| 4 |
|
520 |
| 1 |
|
2001 |
| a |
|
Родная страна |
| e |
|
из телевизионного фильма "Возрождение" |
| 1 |
|
50010 |
| a |
|
Возрождение |
| 464 |
Аналитический уровень |
_0 |
| 1 |
|
036 |
| t |
|
Ой, как летели птицы высоко... |
| 1 |
|
700 1 |
| a |
|
Хренников |
| b |
|
Т. |
| 1 |
|
702 1 |
| a |
|
Матусовский |
| b |
|
М. |
| 4 |
|
520 |
| 1 |
|
2001 |
| a |
|
Каждый четвертый |
| e |
|
из телевизионного фильма "Время выбрало нас" |
| 1 |
|
50010 |
| a |
|
Время выбрало нас |
| 464 |
Аналитический уровень |
_0 |
| 1 |
|
036 |
| t |
|
Зовет Земля и ждет родимый дом... |
| 1 |
|
700 1 |
| a |
|
Мартынов |
| b |
|
Е. |
| 1 |
|
702 1 |
| a |
|
Дементьев |
| b |
|
А. |
| 4 |
|
520 |
| 1 |
|
702 1 |
| a |
|
Усманов |
| b |
|
Д. |
| 4 |
|
520 |
| 1 |
|
2001 |
| a |
|
Страна моя, надейся на меня |
| e |
|
(Зовет Земля) |
| 1 |
|
5171 |
| a |
|
Зовет Земля |
| 464 |
Аналитический уровень |
_0 |
| 1 |
|
036 |
| t |
|
Простор небесный сизокрыл, и тишина кругом... |
| 1 |
|
700 1 |
| a |
|
Шаинский |
| b |
|
В. |
| 1 |
|
702 1 |
| a |
|
Шевелева |
| b |
|
Е. |
| 4 |
|
520 |
| 1 |
|
2001 |
| a |
|
Уголок России |
| 464 |
Аналитический уровень |
_0 |
| 1 |
|
036 |
| t |
|
Позову... и вдруг оно нахлынет... |
| 1 |
|
700 1 |
| a |
|
Семеняко |
| b |
|
Ю. |
| 1 |
|
702 1 |
| a |
|
Демидов |
| b |
|
В. |
| 4 |
|
520 |
| 1 |
|
2001 |
| a |
|
Травы детства |
| 464 |
Аналитический уровень |
_0 |
| 1 |
|
036 |
| t |
|
На просторах страны огромной... |
| 1 |
|
700 1 |
| a |
|
Фиготин |
| b |
|
Б. |
| 1 |
|
702 1 |
| a |
|
Татаринов |
| b |
|
В. |
| 4 |
|
520 |
| 1 |
|
2001 |
| a |
|
Комсомольские сердца |
| 464 |
Аналитический уровень |
_0 |
| 1 |
|
036 |
| t |
|
Парень взял аккордеон... |
| 1 |
|
700 1 |
| a |
|
Туликов |
| b |
|
С. |
| 1 |
|
702 1 |
| a |
|
Пляцковский |
| b |
|
М. |
| 4 |
|
520 |
| 1 |
|
2001 |
| a |
|
Бамовский вальс |
| 464 |
Аналитический уровень |
_0 |
| 1 |
|
036 |
| t |
|
Еще мы помним школьные экзамены... |
| 1 |
|
700 1 |
| a |
|
Бабаджанян |
| b |
|
А. |
| 1 |
|
702 1 |
| a |
|
Пляцковский |
| b |
|
М. |
| 4 |
|
520 |
| 1 |
|
2001 |
| a |
|
Детства последний звонок |
| 464 |
Аналитический уровень |
_0 |
| 1 |
|
036 |
| t |
|
Когда уйдем со школьного двора... |
| 1 |
|
700 1 |
| a |
|
Флярковский |
| b |
|
А. |
| 1 |
|
702 1 |
| a |
|
Дидуров |
| b |
|
А. |
| 4 |
|
520 |
| 1 |
|
2001 |
| a |
|
Прощальный вальс |
| e |
|
из кинофильма "Розыгрыш" |
| 1 |
|
50010 |
| a |
|
Розыгрыш |
| 464 |
Аналитический уровень |
_0 |
| 1 |
|
700 1 |
| a |
|
Блантер |
| b |
|
М. |
| 1 |
|
702 1 |
| a |
|
Исаковский |
| b |
|
М. |
| 4 |
|
520 |
| 1 |
|
2001 |
| a |
|
Лучше нету того цвету |
| 464 |
Аналитический уровень |
_0 |
| 1 |
|
700 1 |
| a |
|
Мокроусов |
| b |
|
Б. |
| 1 |
|
702 1 |
| a |
|
Островой |
| b |
|
С. |
| 4 |
|
520 |
| 1 |
|
2001 |
| a |
|
Вечерком на реке |
| 464 |
Аналитический уровень |
_0 |
| 1 |
|
036 |
| t |
|
Она одна пришла... |
| 1 |
|
700 1 |
| a |
|
Соловьев-Седой |
| b |
|
В. |
| 1 |
|
702 1 |
| a |
|
Лядов |
| b |
|
А. |
| 4 |
|
520 |
| 1 |
|
2001 |
| a |
|
Девчонка-несмышленка |
| e |
|
песня из спектакля "История с гитарой" |
| 1 |
|
50010 |
| a |
|
История с гитарой |
| 464 |
Аналитический уровень |
_0 |
| 1 |
|
036 |
| t |
|
Малиновки заслыша голосок... |
| 1 |
|
700 1 |
| a |
|
Ханок |
| b |
|
Э. |
| 1 |
|
702 1 |
| a |
|
Поперечный |
| b |
|
А. |
| 4 |
|
520 |
| 1 |
|
2001 |
| a |
|
Малиновка |
| 464 |
Аналитический уровень |
_0 |
| 1 |
|
036 |
| t |
|
Прекрасны осень, и зима, и лето... |
| 1 |
|
700 1 |
| a |
|
Паулс |
| b |
|
Р. |
| 1 |
|
702 1 |
| a |
|
Петерс |
| b |
|
Я. |
| 4 |
|
520 |
| 1 |
|
2001 |
| a |
|
Наш город |
| 606 |
Тематические рубрики |
0_ |
| a |
Основная рубрика |
Хоровое пение |
| x |
Основная подрубрика |
Песни советских композиторов |
| x |
Основная подрубрика |
Патриотические песни |
| 610 |
Ключевые слова |
0_ |
| a |
Ключевые слова |
хоровое пение; песни советских композиторов; патриотические песни |
| 686 |
Индексы других классификаций |
__ |
| 2 |
Код системы |
rubbk |
| a |
Классификационный индекс |
85.94-041(2)я436 |
| 686 |
Индексы других классификаций |
__ |
| a |
Классификационный индекс |
85.941.1-041(2)я436 |
| 702 |
Вторичная интеллектуальная ответственность |
_1 |
| a |
Фамилия |
Калистратов |
| b |
Имя (инициалы) |
В. |
| 4 |
Код отношения |
080 |
| 801 |
Источник записи |
_0 |
| a |
Страна |
RU |
| b |
Организация |
Ульяновская ОНБ |
| c |
Дата составления |
20250713 |
| g |
Правила каталогизации |
RCR |
| 801 |
Источник записи |
_1 |
| a |
Страна |
RU |
| b |
Организация |
Ульяновская ОНБ |
| c |
Дата составления |
20250713 |
| g |
Правила каталогизации |
RCR |
| 901 |
Тип документа |
__ |
| t |
Тип документа |
n |
| w |
Контрольный № источника |
UONB/MAIN/686e1c024bb5400da1ae6b6540f50a70 |
| 909 |
Создатель записи |
__ |
| a |
Создатель записи |
Никитина Т. А. |
| b |
Дата создания записи |
20250713 |